000 00555nam a2200217Ia 4500
003 IT-RoPAU
008 120407s9999 xx 000 0 und d
040 _aIT-RoPAU
040 _cIT-RoPAU
041 _aita
100 _aJoseph Ratzinger
245 _a"Introduzione al cristianesimo; lezioni sul simbolo apostolico. [Trad. dal tedesco di Edoardo Martinelli]"
250 _aBrescia
260 _aQueriniana
260 _c1969
300 _c23 cm
490 _aBiblioteca di . teologia contemporanea
490 _v5
942 _cBK
999 _c386
_d386